000 00873nam a2200265 a 4500
001 52988
003 BD-RjUL
005 20211209075906.0
008 161002s1988 enk b 001 0 eng
020 _a0444700234
035 _a(BD-RjUL)53108
040 _aDLC
_cDLC
_dDLC
_dBD-RjUL
_beng
041 _aeng
082 0 0 _a519.538
_223
_bRAE 1988
100 1 _aRao, C. Radhakrishna
_q(Calyampudi Radhakrishna),
_d1920-
_9158387
245 1 0 _aEstimation of variance components and applications /
_cC.R. Rao, J. Kleffe.
260 _aNew York :
_bNorth-Holland ;
_cc1988.
300 _axiii, 370 p. ;
_c24 cm.
500 _aIncludes indexes.
650 0 _aAnalysis of variance.
_9146784
650 0 _aEstimation theory.
_9153171
700 1 _aKleffe, J.
_q(Jürgen)
_9158388
942 _2ddc
_cBK
999 _c52988
_d52988